Juventud, gobernabilidad y ciudadanía: aspectos de cultura política de los jóvenes de posguerra del área metropolitana de San Salvador /

En el presente artículo se abordan algunos elementos de cultura política que se han configurado en jóvenes urbanos de posguerra en El Salvador, en particular algunos referidos a gobernabilidad y construcción de ciudadanía. En el estudio participaron jóvenes con edades entre 15 y 29 años, de los seis...

সম্পূর্ণ বিবরণ

সংরক্ষণ করুন:
গ্রন্থ-পঞ্জীর বিবরন
প্রধান লেখক: Zetino Duarte, Mario
অন্যান্য লেখক: Brioso, Larissa
বিন্যাস: পাঠ‍্য
বিষয়গুলি:
ট্যাগগুলো: ট্যাগ যুক্ত করুন
কোনো ট্যাগ নেই, প্রথমজন হিসাবে ট্যাগ করুন!

MARC

LEADER 00000 a a2200000 04500
001 46106
003
040
100 |a Zetino Duarte, Mario  
245 |a Juventud, gobernabilidad y ciudadanía:   |b aspectos de cultura política de los jóvenes de posguerra del área metropolitana de San Salvador /  |c Mario Zetino Duarte , Larissa Brioso  
520 |a En el presente artículo se abordan algunos elementos de cultura política que se han configurado en jóvenes urbanos de posguerra en El Salvador, en particular algunos referidos a gobernabilidad y construcción de ciudadanía. En el estudio participaron jóvenes con edades entre 15 y 29 años, de los seis municipios más poblados del área metropolitana de San Salvador: Apopa, Ciudad Delgado, Mejicanos, Santa Tecla, San Salvador y Soyapango.  
590 |a AMB/NOVIEMBRE2014  
650 |a A) CULTURA  
650 |a B) POLITICA CULTURAL  
650 |a C) CIUDADANIA (TESAURO ISIS INTERNACIONAL)  
650 |a D) DEMOCRACIA  
650 |a E) EL SALVADOR  
700 |a Brioso, Larissa  
773 |g volumen68, número735 ( , 2013), páginas 475-503 : tablas, gráficos  
999 |c 38512  |d 38512